Zarządzanie jakością w sektorze bankowym w dobie wejścia do Unii Europejskiej / (Rekord nr 8230)
| 000 -ETYKIETA REKORDU | |
|---|---|
| podpole kontrolne o stałej długości | 01020naa a22001817a 4500 |
| 003 - IDENTYFIKATOR NUMERU KONTROLNEGO REKORDU | |
| podpole kontrolne | KOSZ 005 |
| 005 - DATA OSTATNIEJ MODYFIKACJI REKORDU | |
| podpole kontrolne | 20170420133544.0 |
| 008 - POLE O STAŁEJ DŁUGOŚCI - DANE KONTROLNE | |
| podpole kontrolne o stałej długości | 170419b2000 pl ||||| |||| 00| 0pol |
| 040 ## - ŹRÓDŁO KATALOGOWANIA | |
| Instytucja, która utworzyła rekord | BPK |
| 080 ## - UNIWERSALNA KLASYFIKACJA DZIESIĘTNA - UKD | |
| UKD | 005.6 |
| 100 ## - NAZWA OSOBOWA | |
| Nazwa osobowa | OLKIEWICZ, Marcin. |
| Lata pracy | 2004 - . |
| Instytucja | Politechnika Koszalińska - Wydział Ekonomii i Zarządzania, |
| Wydział | Katedra Zarządzania |
| 245 ## - TYTUŁ/ODPOWIEDZIALNOŚĆ | |
| Tytuł | Zarządzanie jakością w sektorze bankowym w dobie wejścia do Unii Europejskiej / |
| Pozostałe elementy strefy tytułu i oznaczenia odpowiedzialności | Marcin Olkiewicz. |
| 260 ## - STREFA ADRESU WYDAWNICZEGO | |
| Data publikacji, dystrybucji/powstania dokumentu | 2003. |
| 655 #0 - TERMIN INDEKSOWY - OKREŚLENIE RODZAJU/FORMY DOKUMENTU | |
| Określnie rodzaju/formy dokumentu | Materiały konferencyjne. |
| 711 ## - HASŁO DODATKOWE - NAZWA IMPREZY | |
| Nazwa imprezy | Ogólnopolska Konferencja Naukowa : Rynki finansowe w przestrzeni elektronicznej. Aspekty ekonomiczne i pozaekonomiczne, Uniwersytet Szczeciński |
| Nazwa części/sekcji dzieła | (3 ; |
| Data imprezy | 2003 ; |
| Miejsce imprezy | Szczecin, Polska). |
| 773 ## - TYTUŁ DOKUMENTU MACIERZYSTEGO | |
| Wyrażenie wprowadzające | III Ogólnopolska Konferencja Naukowa : Rynki finansowe w przstrzeni elektronicznej. Aspekty ekonomiczne i pozaekonomiczne, Uniwersytet Szczeciński. - |
| Tytuł | Zarządzanie jakością w sektorze bankowym w dobie wejścia do Unii Europejskiej. - |
| Informacje dotyczące relacji | 2003, s. 183-192 |
| 942 ## - HASŁO DODATKOWE - ELEMENTY(KOHA) | |
| Typ dokumentu | Artykuł |
| Schemat klasyfikacji | Uniwersalna klasyfikacja dziesiętna |
| Wycofany | Zagubiony | Uszkodzony | Dostępność | Lokalizacja stała | Lokalizacja bieżąca | Typ dokumentu |
|---|---|---|---|---|---|---|
| Dostępny | Bibliografia Prac Pracowników - BPK | Bibliografia Prac Pracowników - BPK | Artykuł |
